000 00785nam a2200205 a 4500
005 20140412111226.0
008 001118s19uu xx 00 eng d
020 _a0-89565-318-4
050 _aTR(GS 513
_bM74 1985
100 _aMoncure, Jane Belk
245 _aMy seven book /
_cJane Belk Moncure ; illustrated by Linda Hohag; Dan Spoden.
260 _aElgin, Ill :
_bChild's World,
_c1985.
300 _a32 p. ; ill.
440 _aMy number book--My first steps to math
520 _aLittle Seven introduces concept of "seven" by interacting with seven variety of things, some of which are grouped and regroupd to demonstrate adding and subtracting.
650 _aSeven (The number)
_xJuvenile literature
650 _aNumber concept
650 _aCounting
999 _c102058
_d102058